Hino do Cruzeiro Esporte Clube - Statistics

Estatísticas Gerais
  • Esse quiz foi jogado 93 vezes
  • A pontuação média é 39 de 41
Estatísticas das Respostas
Palavra % Correto
de
99%
de
99%
do
99%
é
99%
e
99%
grande
99%
grande
99%
na
99%
na
99%
Que
99%
um
99%
um
99%
cidade
97%
clube
97%
Nos
97%
campeão
96%
coração
96%
dentro
96%
Eu
96%
Existe
96%
meu
96%
mora
96%
vaidade
96%
cheio
95%
Cruzeiro
95%
Cruzeiro
95%
Gerais
95%
Minas
95%
realidade
95%
gramados
94%
jamais
94%
querido
94%
Tão
94%
vivo
94%
combatido
91%
Pois
91%
vencido
91%
heroícas
88%
imortais
88%
páginas
87%
Temos
85%
Nenhum quiz correspondente encontrado
Distribuição das Pontuações
Porcentagem de Pessoas com Cada Pontuação
Percentil de Números Respondidos
Sua Pontuação Histórica
Você não jogou esse quiz